| 000 | 00484nam a2200121Ia 4500 | ||
|---|---|---|---|
| 008 | 220615s9999||||xx |||||||||||||| ||und|| | ||
| 100 | _aNg, Jenna | ||
| 245 | 4 |
_aThe Post-Screen Through Virtual Reality, Holograms and Light Projections _bWhere Screen Boundaries Lie |
|
| 546 | _aEnglish[eng] | ||
| 650 | _aScreens||virtual reality (VR)||Pepper's Ghost||holograms||projection mapping | ||
| 856 | _uhttps://library.oapen.org/bitstream/20.500.12657/53242/1/9789048552566.pdf | ||
| 942 | _cEB | ||
| 999 |
_c10602 _d10602 |
||